=LDR 00000nam 2200000 4500 =001 NUTBA000000000002803 =005 20200211054623 =035 ##$$a 0010-061400000000746 =008 200211################g##########0#ind## =020 ##$$a 979-99616-5-3 =082 ##$$a 158.1 =100 ##$$a Hedges, Burke =245 1#$$a Membangun saluran pipa kekayaan : $b Cara baru meraih kebebasan finasial /$c Burke Hedges =260 ##$$a Yogyakarta :$b BACA,$c 2005 =084 ##$$a 158.1 HED m =300 ##$$a xxi, 202 hlm. : $b ilus. ; $c 17 x 12 cm. =650 #4$$a Sukses =700 #$$a Steve Prize =990 ##$$a 20902938 =990 ##$$a 20902940 =990 ##$$a 20902939 =990 ##$$a 20902937 =990 ##$$a 1200900172 =990 ##$$a 1200900173 =990 ##$$a 1200900173 =990 ##$$a 20902938 =990 ##$$a 20902940 =990 ##$$a 20902939 =990 ##$$a 20902937 =990 ##$$a 1200900172 =990 ##$$a 1200900172 =990 ##$$a 20902938 =990 ##$$a 20902940 =990 ##$$a 20902939 =990 ##$$a 20902937 =990 ##$$a 1200900173